Govern Local / Diputació de Barcelona
Publicado:
[Barcelona] :
Diputació de Barcelona, Àrea de Règim Interior, Hisenda i Planificació, [19-- ?]
Descripción Física:
1 carpeta amb dos fulletons ; 16 x 22 cm
MARC
| LEADER | 00000nam a2200000Ia 4500 | ||
|---|---|---|---|
| 001 | 14941 | ||
| 008 | 160829s9999 xx 000 0 cat d | ||
| 080 | |a FU-31-107 | ||
| 110 | 1 | |a Barcelona (Catalunya : Província). |b Diputació |9 52408 | |
| 245 | |a Govern Local / Diputació de Barcelona | ||
| 260 | |a [Barcelona] : |b Diputació de Barcelona, Àrea de Règim Interior, Hisenda i Planificació, [19-- ?] | ||
| 300 | |a 1 carpeta amb dos fulletons ; |c 16 x 22 cm | ||
| 590 | |a Conte: Programa Integral d'Assistència; Pla de Formació Municipal | ||
| 650 | 0 | |a Administració local |x Barcelona (Catalunya : Província) |9 30797 | |
| 650 | |a Programa Integral d'Assistència |9 21969 | ||
| 650 | |a Pla de Formació Municipal I |9 39697 | ||
| 650 | 0 | |a Municipis |x Govern i administració |x Barcelona (Catalunya : Província) |9 42329 | |
| 710 | |a Barcelona (Catalunya : Província). |b Àrea de Règim Interior, Hisenda i Planificació |9 53667 | ||
| 901 | |a Arxiu | ||
| 942 | |n 1 | ||
| 952 | |0 0 |1 0 |4 0 |6 FU31107 |7 1 |9 49166 |a Arxiu |b Arxiu |d 2016-12-01 |l 0 |o FU-31-107 |p 14941 |r 2016-12-01 00:00:00 |w 2016-12-01 |y ARXIU | ||
| 999 | |c 53006 |d 53006 | ||